[Event "Tambov Korensky Memorial 28th"]
[Site "Tambov"]
[Date "2019.09.01"]
[Round "9"]
[White "Vyaznikov, Sergey O"]
[Black "Kryukov, Denis V"]
[Result "0-1"]
[WhiteElo "2216"]
[BlackElo "2329"]
[PlyCount "72"]
[EventDate "2019.08.24"]
[EventType "swiss"]
[EventRounds "9"]
[EventCountry "RUS"]
[SourceTitle "EXT 2020"]
[Source "ChessBase"]
[SourceDate "2019.10.17"]
[SourceVersion "1"]
[SourceVersionDate "2019.10.17"]
[SourceQuality "1"]

1. d4 Nf6 2. Nf3 g6 3. Nc3 Bg7 4. e4 d6 5. Bc4 0-0 6. h3 Nxe4 7. Bxf7+ Rxf7 8. Nxe4 h6 9. c3 c6 10. Be3 Na6 11. Qd2 Qf8 12. 0-0-0 Be6 13. b3 Nc7 14. Rhe1 a5 15. Ng3 a4 16. b4 Bd5 17. Nh4 Rf6 18. Qc2 Qf7 19. Kb1 Nb5 20. Ka1 Bb3 21. Qd2 Bxd1 22. Rxd1 g5 23. Nf3 Qc4 24. Rc1 c5 25. Nh5 Rf5 26. Nxg7 Kxg7 27. dxc5 Rd5 28. Qc2 Rd3 29. Nd2 Qd5 30. c4 Qe5+ 31. Qb2 Nd4 32. Bxd4 Qxd4 33. Qxd4+ Rxd4 34. Nf3 Re4 35. cxd6 exd6 36. Kb2 Rc8 0-1

[Event "Tambov Korensky Memorial 28th"]
[Site "Tambov"]
[Date "2019.08.31"]
[Round "8"]
[White "Vyaznikov, Sergey O"]
[Black "Tikhonov, Viacheslav"]
[Result "1/2-1/2"]
[WhiteElo "2216"]
[BlackElo "2113"]
[PlyCount "117"]
[EventDate "2019.08.24"]
[EventType "swiss"]
[EventRounds "9"]
[EventCountry "RUS"]
[SourceTitle "EXT 2020"]
[Source "ChessBase"]
[SourceDate "2019.10.17"]
[SourceVersion "1"]
[SourceVersionDate "2019.10.17"]
[SourceQuality "1"]

1. d4 Nf6 2. Nf3 g6 3. g3 Bg7 4. Bg2 0-0 5. 0-0 d5 6. c4 dxc4 7. Ne5 Nc6 8. Nxc6 bxc6 9. Na3 Be6 10. Bxc6 Rb8 11. Bg2 c5 12. dxc5 Qc8 13. c6 Bh3 14. Bxh3 Qxh3 15. f3 Qe6 16. Qa4 Rfc8 17. Qxc4 Qxc6 18. Qxc6 Rxc6 19. e4 Nd7 20. Rb1 Bd4+ 21. Kg2 Nc5 22. Nc2 Be5 23. Ne3 Nd3 24. b3 Bd4 25. Rd1 Rxc1 26. Rbxc1 Nxc1 27. Rxd4 Nxa2 28. Ra4 Rxb3 29. Nd5 Rb2+ 30. Kh3 e6 31. Nf6+ Kg7 32. e5 Nb4 33. Rxa7 Nc6 34. Ra3 Nxe5 35. Ne4 Re2 36. Nd6 Rf2 37. f4 Nf3 38. g4 Nxh2 39. Ra7 Rxf4 40. Kxh2 g5 41. Kg3 Kg6 42. Re7 Rf1 43. Kg2 Rf6 44. Kg3 Rf4 45. Kh3 Kg7 46. Kg3 h6 47. Kh3 Kg6 48. Kg3 Rf1 49. Kg2 Rf6 50. Kg3 Rf4 51. Kh3 Kg7 52. Kg3 Kg8 53. Re8+ Kh7 54. Re7 Kg6 55. Kh3 Rf6 56. Kg3 Rf1 57. Kg2 Rf4 58. Kg3 Rf6 59. Kh3 1/2-1/2

[Event "Tambov Korensky Memorial 28th"]
[Site "Tambov"]
[Date "2019.08.28"]
[Round "5"]
[White "Skomorokhov, Kirill"]
[Black "Vyaznikov, Sergey O"]
[Result "0-1"]
[WhiteElo "2001"]
[BlackElo "2216"]
[PlyCount "72"]
[EventDate "2019.08.24"]
[EventType "swiss"]
[EventRounds "9"]
[EventCountry "RUS"]
[SourceTitle "EXT 2020"]
[Source "ChessBase"]
[SourceDate "2019.10.17"]
[SourceVersion "1"]
[SourceVersionDate "2019.10.17"]
[SourceQuality "1"]

1. d4 d5 2. Bf4 Nf6 3. e3 e6 4. c3 c5 5. Nd2 Be7 6. Ngf3 0-0 7. Bd3 b6 8. Ne5 Bb7 9. g4 Ne4 10. Qc2 f6 11. Nef3 f5 12. gxf5 exf5 13. Bxe4 dxe4 14. Ne5 cxd4 15. cxd4 Bd5 16. Rc1 Qe8 17. Nb1 Nd7 18. Nc3 Rc8 19. Rg1 Bf6 20. Qd1 Be6 21. Nb5 Rxc1 22. Qxc1 Bxe5 23. dxe5 Nc5 24. Nd6 Qh5 25. Kd2 Bxa2 26. Qf1 h6 27. Rg3 Rd8 28. Rh3 Qf7 29. Rg3 Qb3 30. Qc1 Qd5+ 31. Ke2 Rxd6 32. exd6 Bc4+ 33. Ke1 Nd3+ 34. Kd2 Nxc1+ 35. Kxc1 Bb3 36. Rg1 Qd3 0-1

[Event "Tambov Region-ch"]
[Site "Tambov"]
[Date "2018.02.21"]
[Round "1"]
[White "Vyaznikov, Sergey O"]
[Black "Streltsov, Oleg V"]
[Result "1-0"]
[WhiteElo "2210"]
[BlackElo "1676"]
[PlyCount "61"]
[EventDate "2018.02.21"]
[EventType "swiss"]
[EventRounds "9"]
[EventCountry "RUS"]
[SourceTitle "CBM 183 Extra"]
[Source "ChessBase"]
[SourceDate "2018.04.19"]
[SourceVersion "1"]
[SourceVersionDate "2018.04.19"]
[SourceQuality "1"]

1. d4 d5 2. Nf3 Nc6 3. c4 e6 4. Nc3 Bb4 5. Bf4 Nf6 6. e3 Ne4 7. Qc2 0-0 8. Bd3 f5 9. 0-0 Nxc3 10. bxc3 Be7 11. Ne5 Nxe5 12. Bxe5 c6 13. c5 g6 14. Rfb1 b5 15. a4 a6 16. axb5 cxb5 17. Bxb5 Bb7 18. c6 axb5 19. cxb7 Rxa1 20. Rxa1 Qb6 21. b8Q Rxb8 22. Bxb8 Qxb8 23. Rb1 e5 24. Qb3 Qd6 25. Qxb5 exd4 26. cxd4 Kf7 27. g3 g5 28. Qb8 Qxb8 29. Rxb8 Bd6 30. Rd8 Ke7 31. Rh8 1-0

[Event "Tambov Korensky Memorial 26th"]
[Site "Tambov"]
[Date "2017.08.25"]
[Round "7"]
[White "Vyaznikov, Sergey O"]
[Black "Kutyanina, Mariya"]
[Result "1-0"]
[WhiteElo "2211"]
[BlackElo "1906"]
[PlyCount "81"]
[EventDate "2017.08.19"]
[EventType "swiss"]
[EventRounds "9"]
[EventCountry "RUS"]
[SourceTitle "CBM 180 Extra"]
[Source "ChessBase"]
[SourceDate "2017.10.06"]
[SourceVersion "1"]
[SourceVersionDate "2017.10.06"]
[SourceQuality "1"]

1. d4 Nf6 2. Nf3 c5 3. e3 g6 4. b3 Bg7 5. Bb2 0-0 6. Be2 cxd4 7. exd4 d5 8. 0-0 Nc6 9. c4 Bg4 10. Nbd2 Rc8 11. Ne5 Bf5 12. Rc1 Nxe5 13. dxe5 Ne4 14. Nxe4 dxe4 15. Qxd8 Rfxd8 16. Rcd1 f6 17. exf6 exf6 18. Bd4 b6 19. f3 exf3 20. Bxf3 Be6 21. Kf2 f5 22. Bxg7 Kxg7 23. h4 b5 24. Rfe1 Re8 25. Rd6 Bf7 26. Rxe8 Bxe8 27. Bd5 bxc4 28. bxc4 Rc5 29. Ke3 Kf8 30. Kd4 Ra5 31. c5 Ke7 32. Re6+ Kd8 33. c6 Ra4+ 34. Ke5 Rxh4 35. Kd6 Bxc6 36. Bxc6 Rd4+ 37. Bd5 Rd2 38. Re3 Rb2 39. Rh3 Rb6+ 40. Bc6 h5 41. Re3 1-0

[Event "Tambov Korensky Memorial 26th"]
[Site "Tambov"]
[Date "2017.08.23"]
[Round "5"]
[White "Zinovjev, Yury V"]
[Black "Vyaznikov, Sergey O"]
[Result "0-1"]
[WhiteElo "2101"]
[BlackElo "2211"]
[PlyCount "150"]
[EventDate "2017.08.19"]
[EventType "swiss"]
[EventRounds "9"]
[EventCountry "RUS"]
[SourceTitle "CBM 180 Extra"]
[Source "ChessBase"]
[SourceDate "2017.10.06"]
[SourceVersion "1"]
[SourceVersionDate "2017.10.06"]
[SourceQuality "1"]

1. e4 e6 2. d3 d5 3. Nd2 Nf6 4. Ngf3 c5 5. Be2 Nc6 6. 0-0 Be7 7. c3 Qc7 8. Re1 b6 9. Bf1 Bb7 10. e5 Nd7 11. Qe2 h6 12. Nb3 g5 13. h3 0-0-0 14. d4 Rdg8 15. Nh2 Kb8 16. Bd2 h5 17. g3 g4 18. h4 Re8 19. Bf4 Ka8 20. Rac1 c4 21. Nd2 b5 22. Bg2 Qa5 23. a3 Nb6 24. f3 Na4 25. Nb1 Reg8 26. fxg4 hxg4 27. Rc2 Qd8 28. Qf2 Qf8 29. Nd2 Qg7 30. Ndf1 Nd8 31. Qe3 a6 32. Qe2 Bc6 33. Ne3 Nb6 34. Nexg4 Nd7 35. Qf2 Kb7 36. Qe3 Qg6 37. Rf2 Rh7 38. Qd2 Rgh8 39. Qc2 Qg7 40. Qd2 Ka7 41. Bg5 Bxg5 42. Qxg5 Qxg5 43. hxg5 Rg7 44. Nf3 a5 45. Bf1 Ka6 46. Rh2 Rxh2 47. Kxh2 Rh7+ 48. Kg2 Nb6 49. Nf6 Rg7 50. Be2 Na4 51. Rb1 b4 52. axb4 axb4 53. cxb4 Kb5 54. b3 Nc3 55. bxc4+ dxc4 56. Rb2 Nxe2 57. Rxe2 Kxb4 58. Rb2+ Kc3 59. Rb8 Bxf3+ 60. Kxf3 Nc6 61. Rb7 Kxd4 62. Kf4 Nxe5 63. Rb8 Nd3+ 64. Kg4 c3 65. Rd8+ Ke3 66. Rc8 Nf2+ 67. Kh5 Nd1 68. Rc7 Kf3 69. Kh4 e5 70. Ng4 Rh7+ 71. Nh6 e4 72. Kh5 e3 73. Rxf7+ Rxf7 74. Nxf7 c2 75. Ne5+ Ke4 0-1

[Event "Tambov Korensky Memorial 26th"]
[Site "Tambov"]
[Date "2017.08.22"]
[Round "4"]
[White "Vyaznikov, Sergey O"]
[Black "Bakhteev, Bakhtiyar"]
[Result "1/2-1/2"]
[WhiteElo "2211"]
[BlackElo "1824"]
[PlyCount "96"]
[EventDate "2017.08.19"]
[EventType "swiss"]
[EventRounds "9"]
[EventCountry "RUS"]
[SourceTitle "CBM 180 Extra"]
[Source "ChessBase"]
[SourceDate "2017.10.06"]
[SourceVersion "1"]
[SourceVersionDate "2017.10.06"]
[SourceQuality "1"]

1. d4 Nf6 2. Bf4 g6 3. Nf3 Bg7 4. Nbd2 d5 5. e3 Bf5 6. h3 0-0 7. g4 Be4 8. Nxe4 Nxe4 9. Bd3 Nd6 10. c3 c6 11. Qb3 b6 12. Ne5 e6 13. g5 c5 14. Qd1 Ne8 15. h4 Bxe5 16. Bxe5 Nc6 17. Bf4 Ng7 18. h5 Qe7 19. Qf3 Rad8 20. h6 Ne8 21. 0-0-0 c4 22. Bc2 b5 23. a3 a5 24. e4 f5 25. exf5 exf5 26. Rhe1 Qd7 27. Qg3 Rc8 28. Re2 Nc7 29. Rde1 Rfe8 30. Rxe8+ Rxe8 31. Rxe8+ Nxe8 32. Kd2 Qe6 33. Bd1 Qe4 34. Qe3 Qxe3+ 35. Kxe3 Kf7 36. Be5 a4 37. Kf4 Ke6 38. Bh8 Nd6 39. f3 Nf7 40. Bf6 Nd6 41. Bc2 Ne8 42. Bh8 Ne7 43. Bg7 Nd6 44. Bf8 Nec8 45. Bb1 Ne8 46. Bg7 Ncd6 47. Bc2 Nf7 48. Be5 Ned6 1/2-1/2

[Event "Tambov Pavlyutin Memorial 7th"]
[Site "Tambov"]
[Date "2017.06.30"]
[Round "6"]
[White "Vyaznikov, Sergey O"]
[Black "Uryupin, Igor Nikolaevich"]
[Result "0-1"]
[WhiteElo "2273"]
[BlackElo "2257"]
[PlyCount "116"]
[EventDate "2017.06.28"]
[EventType "tourn"]
[EventRounds "9"]
[EventCountry "RUS"]
[SourceTitle "CBM 179 Extra"]
[Source "ChessBase"]
[SourceDate "2017.08.23"]
[SourceVersion "1"]
[SourceVersionDate "2017.08.23"]
[SourceQuality "1"]

1. d4 Nf6 2. Nf3 e6 3. e3 b6 4. b3 Bb7 5. Bb2 Be7 6. Bd3 d5 7. 0-0 Nbd7 8. c4 0-0 9. Nc3 c5 10. Rc1 Rc8 11. Qc2 dxc4 12. bxc4 cxd4 13. exd4 Bxf3 14. gxf3 Nh5 15. Bxh7+ Kh8 16. Bd3 Bg5 17. Rcd1 f5 18. Ne2 b5 19. c5 Ndf6 20. Ng3 Nf4 21. Rfe1 a6 22. Bf1 N6d5 23. a4 Rf6 24. axb5 axb5 25. Ra1 Rh6 26. Bc1 Bf6 27. Bxf4 Nxf4 28. Qd2 Qxd4 29. Qxd4 Bxd4 30. Rac1 b4 31. Rc4 Bc3 32. Rd1 Rh4 33. Kh1 Ng6 34. Rd6 Rxc4 35. Bxc4 Nf4 36. c6 Be5 37. Rd1 Rxc6 38. Bb3 Rc3 39. Rb1 Rxf3 40. Kg1 g5 41. Bd1 Rd3 42. Nf1 Bc3 43. Bb3 Kg7 44. Bc2 Rd4 45. f3 Kf6 46. Kf2 Rd7 47. Bb3 Nd3+ 48. Ke2 Nc5 49. Bc4 Ke5 50. Rc1 Kf4 51. Rc2 Ra7 52. Ne3 Ra1 53. Nd1 Bd4 54. Rd2 e5 55. Nb2 Rh1 56. Nd3+ Nxd3 57. Kxd3 Rc1 58. Bd5 b3 0-1

[Event "Tambov Korensky Memorial 25th"]
[Site "Tambov"]
[Date "2016.08.22"]
[Round "3"]
[White "Astafurov, Arseniy"]
[Black "Vyaznikov, Sergey O"]
[Result "1-0"]
[WhiteElo "2088"]
[BlackElo "2293"]
[PlyCount "95"]
[EventDate "2016.08.20"]
[EventType "swiss"]
[EventRounds "9"]
[EventCountry "RUS"]
[SourceTitle "CBM 174 Extra"]
[Source "ChessBase"]
[SourceDate "2016.10.10"]
[SourceVersion "1"]
[SourceVersionDate "2016.10.10"]
[SourceQuality "1"]

1. e4 e6 2. d4 d5 3. Nd2 Nc6 4. Ngf3 Nf6 5. e5 Nd7 6. Nb3 a5 7. a4 b6 8. Bb5 Na7 9. Be2 c5 10. c3 Be7 11. h4 Nc6 12. Be3 Ba6 13. Bxa6 Rxa6 14. Rh3 c4 15. Nc1 f6 16. exf6 Nxf6 17. Ne2 0-0 18. Qc2 Bd6 19. Bf4 Ne4 20. Bxd6 Qxd6 21. Ng5 Nxg5 22. hxg5 g6 23. f4 Ra7 24. g3 Rg7 25. 0-0-0 Qd7 26. Ng1 Ne7 27. Re1 Rb8 28. Qe2 b5 29. Qxe6+ Qxe6 30. Rxe6 bxa4 31. Rh2 a3 32. bxa3 Rb3 33. Rc2 Rxa3 34. Kd2 Nf5 35. Ne2 Rb7 36. g4 Ne7 37. Ng3 Kf7 38. f5 Rb1 39. Ke2 Raa1 40. Kf2 gxf5 41. gxf5 Rb7 42. Rce2 a4 43. Rf6+ Kg8 44. Rfe6 Kf7 45. f6 Nc8 46. Nf5 a3 47. Nh6+ Kg6 48. f7+ 1-0

[Event "Tambov Korensky Memorial 25th"]
[Site "Tambov"]
[Date "2016.08.21"]
[Round "2"]
[White "Vyaznikov, Sergey O"]
[Black "Skomorokhov, Kirill"]
[Result "1/2-1/2"]
[WhiteElo "2293"]
[BlackElo "1895"]
[PlyCount "137"]
[EventDate "2016.08.20"]
[EventType "swiss"]
[EventRounds "9"]
[EventCountry "RUS"]
[SourceTitle "CBM 174 Extra"]
[Source "ChessBase"]
[SourceDate "2016.10.10"]
[SourceVersion "1"]
[SourceVersionDate "2016.10.10"]
[SourceQuality "1"]

1. d4 d5 2. Nf3 Nf6 3. g3 Bf5 4. Bg2 h6 5. 0-0 e6 6. c4 c6 7. Nc3 Be7 8. c5 b6 9. cxb6 axb6 10. Ne5 0-0 11. Be3 Nfd7 12. Nxd7 Nxd7 13. a3 Nf6 14. f3 c5 15. Bf2 Rc8 16. e3 cxd4 17. exd4 Ne8 18. g4 Bh7 19. f4 Nd6 20. f5 exf5 21. Nxd5 Bg5 22. gxf5 Bxf5 23. Be3 Rc2 24. Rf2 Bxe3 25. Nxe3 Rxf2 26. Kxf2 Be4 27. Kg1 Qg5 28. Qe2 Re8 29. Qf2 Re6 30. Re1 Bxg2 31. Nxg2 Rxe1+ 32. Qxe1 Qd5 33. Qe3 Nc4 34. Qc3 Nd6 35. Nf4 Qe4 36. Qd2 Nc4 37. Qd3 Qe1+ 38. Qf1 Qe3+ 39. Qf2 Qc1+ 40. Qf1 Qxf1+ 41. Kxf1 Nxb2 42. Nd5 Nc4 43. a4 Kf8 44. Ke2 f5 45. Nc3 Kf7 46. Kd3 Nd6 47. Nd5 Nc8 48. Kc4 Ke6 49. Nc7+ Kd7 50. Nd5 Kd6 51. Nc3 g5 52. Nb5+ Kd7 53. Kd5 Ne7+ 54. Ke5 f4 55. Ke4 Ke6 56. Nc7+ Kd7 57. Nb5 Ke6 58. Nc7+ Kd7 59. Nb5 Nc8 60. Nc3 Nd6+ 61. Kf3 Ke6 62. h3 Nc4 63. Ke4 Nd6+ 64. Kf3 Nf5 65. Ke4 Ng3+ 66. Kf3 Nf5 67. Ke4 Nd6+ 68. Kf3 Nc4 69. Ke4 1/2-1/2

[Event "Tambov Korensky Memorial 24th"]
[Site "Tambov"]
[Date "2015.08.29"]
[Round "8"]
[White "Vyaznikov, Sergey O"]
[Black "Lomakina, Galja"]
[Result "1-0"]
[WhiteElo "2255"]
[BlackElo "2110"]
[PlyCount "85"]
[EventDate "2015.08.22"]
[EventType "swiss"]
[EventRounds "9"]
[EventCountry "RUS"]
[SourceTitle "EXT 2016"]
[Source "ChessBase"]
[SourceDate "2015.10.08"]
[SourceVersion "1"]
[SourceVersionDate "2015.10.08"]
[SourceQuality "1"]

1. Nf3 d6 2. d4 c6 3. b3 Bg4 4. Nbd2 Nd7 5. Bb2 Ngf6 6. e3 Qc7 7. Be2 e5 8. h3 Bxf3 9. Bxf3 Be7 10. c4 0-0 11. Qc2 a5 12. 0-0 Rfe8 13. Rfd1 a4 14. b4 Bf8 15. Rac1 exd4 16. exd4 c5 17. a3 cxd4 18. Ne4 Nxe4 19. Bxe4 Nf6 20. Bf3 Nd7 21. Bd5 Ne5 22. Bxd4 Be7 23. Qf5 g6 24. Qc2 Bg5 25. Rb1 Rac8 26. Bxe5 Rxe5 27. Qxa4 Rce8 28. Qa7 R8e7 29. a4 Qc8 30. Qb6 Qe8 31. Rf1 Qxa4 32. Bxb7 Re2 33. Bf3 R2e6 34. Ra1 Qc2 35. Ra8+ Kg7 36. Qd8 Bd2 37. Qf8+ Kf6 38. Qh8+ Kg5 39. h4+ Kxh4 40. g3+ Kg5 41. Qd4 h5 42. Bd1 Qc3 43. f4+ 1-0

[Event "Tambov Korensky Memorial 24th"]
[Site "Tambov"]
[Date "2015.08.22"]
[Round "1"]
[White "Vyaznikov, Sergey O"]
[Black "Vlasov, Valery"]
[Result "1-0"]
[WhiteElo "2255"]
[BlackElo "1938"]
[PlyCount "109"]
[EventDate "2015.08.22"]
[EventType "swiss"]
[EventRounds "9"]
[EventCountry "RUS"]
[SourceTitle "EXT 2016"]
[Source "ChessBase"]
[SourceDate "2015.10.08"]
[SourceVersion "1"]
[SourceVersionDate "2015.10.08"]
[SourceQuality "1"]

1. d4 Nf6 2. Nf3 g6 3. c4 c5 4. Nc3 cxd4 5. Nxd4 Bg7 6. g3 Nc6 7. Bg2 0-0 8. 0-0 a6 9. Nc2 d6 10. h3 Be6 11. b3 Qd7 12. Na4 Rad8 13. Nb6 Qc7 14. Nd5 Qd7 15. Kh2 Ng4+ 16. hxg4 Bxa1 17. Nxa1 Bxg4 18. Nc2 Qf5 19. f3 Qh5+ 20. Kg1 Bd7 21. e4 g5 22. Nce3 Qg6 23. Bb2 f6 24. f4 gxf4 25. gxf4 Rf7 26. f5 Qg5 27. Qg4 Rg7 28. Qxg5 Rxg5 29. Kf2 Kf7 30. Rh1 h5 31. Bf3 Rh8 32. Rh4 Ne5 33. Be2 Bc6 34. Nf4 Bxe4 35. Bxe5 dxe5 36. Ne6 Rxf5+ 37. Nxf5 Bxf5 38. Nc5 Kg6 39. Nxb7 Bb1 40. a3 Kg5 41. Rh1 Be4 42. Bf3 Bxf3 43. Kxf3 h4 44. c5 f5 45. b4 h3 46. a4 e4+ 47. Ke3 h2 48. b5 axb5 49. axb5 Kf6 50. c6 Ke5 51. c7 Rh3+ 52. Kd2 e3+ 53. Ke2 Rh8 54. Nd8 Ke4 55. c8Q 1-0

[Event "Tambov Korensky Memorial 23rd"]
[Site "Tambov"]
[Date "2014.08.30"]
[Round "8"]
[White "Uryupin, Igor Nikolaevich"]
[Black "Vyaznikov, Sergey O"]
[Result "1/2-1/2"]
[WhiteElo "2274"]
[BlackElo "2280"]
[PlyCount "89"]
[EventDate "2014.08.23"]
[EventType "swiss"]
[EventRounds "9"]
[EventCountry "RUS"]
[SourceTitle "EXT 2015"]
[Source "ChessBase"]
[SourceDate "2014.11.20"]
[SourceVersion "1"]
[SourceVersionDate "2014.11.20"]
[SourceQuality "1"]

1. Nf3 d5 2. c4 c6 3. d4 Nf6 4. cxd5 cxd5 5. Nc3 Nc6 6. Bf4 Bf5 7. e3 e6 8. Bd3 Bxd3 9. Qxd3 Bd6 10. Bxd6 Qxd6 11. 0-0 0-0 12. Rfc1 Rfc8 13. h3 h6 14. a3 Na5 15. Rc2 a6 16. Na4 Nd7 17. Rac1 Rxc2 18. Rxc2 Nc4 19. Qc3 b5 20. Nc5 a5 21. Nxd7 Qxd7 22. Ne1 Qd6 23. Rc1 b4 24. axb4 Qxb4 25. Qxb4 axb4 26. Nd3 b3 27. Nc5 Ra2 28. Nxb3 Rxb2 29. Nc5 g5 30. g4 Kg7 31. Ra1 Rb6 32. Kg2 Rc6 33. Ra8 Rc7 34. Rb8 Ra7 35. Rb7 Rxb7 36. Nxb7 Kf6 37. Nc5 Ke7 38. Kf3 f5 39. Ke2 Kd6 40. Nb3 Ke7 41. Nc5 Kf6 42. Nd7+ Kg6 43. Nf8+ Kf7 44. Nd7 Ke7 45. Nc5 1/2-1/2

[Event "Tambov Korensky Memorial 23rd"]
[Site "Tambov"]
[Date "2014.08.27"]
[Round "5"]
[White "Vyaznikov, Sergey O"]
[Black "Lomakina, Galja"]
[Result "1-0"]
[WhiteElo "2280"]
[BlackElo "2104"]
[PlyCount "71"]
[EventDate "2014.08.23"]
[EventType "swiss"]
[EventRounds "9"]
[EventCountry "RUS"]
[SourceTitle "EXT 2015"]
[Source "ChessBase"]
[SourceDate "2014.11.20"]
[SourceVersion "1"]
[SourceVersionDate "2014.11.20"]
[SourceQuality "1"]

1. d4 d6 2. Nf3 Bg4 3. e3 Nd7 4. Be2 Ngf6 5. b3 g6 6. Bb2 Bg7 7. c4 0-0 8. Nc3 c6 9. h3 Bxf3 10. Bxf3 e5 11. 0-0 Re8 12. d5 e4 13. dxc6 bxc6 14. Be2 Re6 15. Qc2 h5 16. Rad1 Qe7 17. b4 Rc8 18. b5 cxb5 19. Nxb5 Nc5 20. Bd4 Nh7 21. Nc3 Qh4 22. Nd5 g5 23. Rfe1 Be5 24. Bf1 Nd3 25. Bxe5 Nxe1 26. Rxe1 g4 27. g3 Qd8 28. Bf4 h4 29. hxg4 Ng5 30. Bg2 h3 31. Bxg5 Qxg5 32. Bxe4 Qxg4 33. Bf5 Qf3 34. Bxh3 Rce8 35. Bg2 Qh5 36. Qe2 1-0

[Event "Tambov Korensky Memorial 22nd"]
[Site "Tambov"]
[Date "2013.08.23"]
[Round "7"]
[White "Vyaznikov, Sergey O"]
[Black "Lopukhin, Anatoly Viktorovich"]
[Result "1/2-1/2"]
[WhiteElo "2271"]
[BlackElo "2287"]
[PlyCount "39"]
[EventDate "2013.08.17"]
[EventType "swiss"]
[EventRounds "9"]
[EventCountry "RUS"]
[SourceTitle "CBM 156 Extra"]
[Source "ChessBase"]
[SourceDate "2013.10.22"]
[SourceVersion "1"]
[SourceVersionDate "2013.10.22"]
[SourceQuality "1"]

1. d4 Nf6 2. Nf3 c5 3. e3 g6 4. b3 Bg7 5. Bb2 0-0 6. Be2 Ne4 7. 0-0 Nc6 8. Nbd2 d5 9. Nxe4 dxe4 10. Ne5 Nxe5 11. dxe5 Be6 12. Qxd8 Rfxd8 13. Rfd1 Rac8 14. Rxd8+ Rxd8 15. Rd1 Rxd1+ 16. Bxd1 f5 17. f4 Bd5 18. c4 Bc6 19. h4 e6 20. g3 1/2-1/2

[Event "Tambov Korensky Memorial 22nd"]
[Site "Tambov"]
[Date "2013.08.21"]
[Round "5"]
[White "Lukovnikov, Alexander"]
[Black "Vyaznikov, Sergey O"]
[Result "0-1"]
[WhiteElo "2278"]
[BlackElo "2271"]
[PlyCount "108"]
[EventDate "2013.08.17"]
[EventType "swiss"]
[EventRounds "9"]
[EventCountry "RUS"]
[SourceTitle "CBM 156 Extra"]
[Source "ChessBase"]
[SourceDate "2013.10.22"]
[SourceVersion "1"]
[SourceVersionDate "2013.10.22"]
[SourceQuality "1"]

1. e4 e6 2. d4 d5 3. Nd2 Nc6 4. Ngf3 Nf6 5. e5 Nd7 6. c3 f6 7. exf6 Qxf6 8. Bd3 Bd6 9. Qc2 e5 10. 0-0 g6 11. Qb3 Nb6 12. dxe5 Bxe5 13. c4 Be6 14. c5 d4 15. Nc4 Bxc4 16. Bxc4 Nxc4 17. Qxc4 h6 18. Ne1 Qf7 19. Qc2 0-0-0 20. Nd3 Qf5 21. Bd2 g5 22. b4 Bf4 23. Rad1 Ne5 24. Bxf4 gxf4 25. f3 Rhg8 26. Rf2 Rg5 27. Nxe5 Qxe5 28. Qe4 d3 29. Qxe5 Rxe5 30. Rfd2 a5 31. a3 axb4 32. axb4 Re3 33. Kf2 Rd4 34. Rb1 Kd7 35. g3 Kc6 36. gxf4 Re7 37. Rb3 Kb5 38. Rbxd3 Rxb4 39. Rd7 Rxd7 40. Rxd7 Kc6 41. Rh7 Rxf4 42. Rxh6+ Kxc5 43. Kg3 Rf7 44. f4 b5 45. Rh8 Kb4 46. Kg4 c5 47. f5 c4 48. Rc8 Kc3 49. Kg5 b4 50. f6 b3 51. Kg6 b2 52. Rb8 Rf8 53. Rb7 Kc2 54. Kg7 Rc8 0-1

[Event "Tambov Korensky Memorial 21st"]
[Site "Tambov"]
[Date "2012.08.25"]
[Round "8"]
[White "Umansky, Vadim"]
[Black "Vyaznikov, Sergey O"]
[Result "0-1"]
[WhiteElo "2196"]
[BlackElo "2280"]
[PlyCount "103"]
[EventDate "2012.08.18"]
[EventType "swiss"]
[EventRounds "9"]
[EventCountry "RUS"]
[SourceTitle "CBM 150 Extra"]
[Source "ChessBase"]
[SourceDate "2012.10.19"]
[SourceVersion "1"]
[SourceVersionDate "2012.10.19"]
[SourceQuality "1"]

1. e4 c5 2. Nf3 e6 3. d4 cxd4 4. Nxd4 a6 5. Be2 b5 6. a4 b4 7. 0-0 Bb7 8. Bf3 Qc7 9. c3 Nf6 10. Re1 Be7 11. cxb4 Bxb4 12. Bd2 Be7 13. b4 0-0 14. e5 Nd5 15. b5 f5 16. Qb3 Bc5 17. Rc1 Qb6 18. a5 Qc7 19. Bxd5 Bxd5 20. Qe3 Rc8 21. Qg3 Qb7 22. Bh6 d6 23. Nd2 dxe5 24. N4b3 Bf8 25. Rxc8 Qxc8 26. Rc1 Qd8 27. Bg5 Qd6 28. b6 Nc6 29. h4 Qb4 30. h5 Nxa5 31. Nxa5 Qxa5 32. Rb1 Rb8 33. Bh6 Rxb6 34. Rc1 Rb7 35. Nf3 Bxf3 36. gxf3 e4 37. Rc8 Qa1+ 38. Kh2 Qd4 39. Be3 Qd7 40. Ra8 Qf7 41. Qg5 Re7 42. Rxa6 exf3 43. Ra8 Re8 44. Ra7 Qf6 45. Qg3 e5 46. Bg5 f4 47. Qh4 Qe6 48. h6 gxh6 49. Bf6 Qf5 50. Bd8 Qg6 51. Qh3 Rxd8 52. Ra1 0-1

[Event "Tambov Korensky Memorial 21st"]
[Site "Tambov"]
[Date "2012.08.24"]
[Round "7"]
[White "Vyaznikov, Sergey O"]
[Black "Najdin, Danil"]
[Result "1-0"]
[WhiteElo "2280"]
[BlackElo "1987"]
[PlyCount "131"]
[EventDate "2012.08.18"]
[EventType "swiss"]
[EventRounds "9"]
[EventCountry "RUS"]
[SourceTitle "CBM 150 Extra"]
[Source "ChessBase"]
[SourceDate "2012.10.19"]
[SourceVersion "1"]
[SourceVersionDate "2012.10.19"]
[SourceQuality "1"]

1. Nf3 d5 2. d4 e6 3. c4 f5 4. Nc3 c6 5. Bf4 Nf6 6. e3 Bd6 7. Ne5 0-0 8. c5 Bc7 9. Bd3 Ne4 10. Bxe4 fxe4 11. Qg4 b6 12. cxb6 axb6 13. 0-0 Bxe5 14. Bxe5 Qe7 15. Qg3 Qa7 16. f3 Ba6 17. Rf2 exf3 18. gxf3 Rf7 19. e4 Nd7 20. Bd6 Nf6 21. Re1 Rd8 22. Be5 Nd7 23. f4 Nxe5 24. dxe5 d4 25. Nd1 c5 26. a3 d3 27. Rd2 Rdf8 28. Rf1 Qd7 29. Nc3 Qd4+ 30. Kg2 Kh8 31. h4 c4 32. Rf3 Bb7 33. Qf2 Rd7 34. Re3 Bc6 35. Kg3 g6 36. Re1 h6 37. Qxd4 Rxd4 38. Kf3 Rd7 39. Ke3 Kg7 40. Rg1 Rdf7 41. Rf2 Be8 42. Rg4 Kh7 43. Rg1 Rd7 44. Nb5 Re7 45. Nd6 Ba4 46. Nxc4 Bc2 47. Nd6 Rb8 48. Rfg2 Rg8 49. Nc4 Rd7 50. Nd6 Re7 51. Kd2 Rf8 52. Ke3 Rg8 53. Nc4 Rc7 54. Nd2 Rf7 55. Nf3 Rgf8 56. Rg4 b5 57. Nd4 h5 58. Rxg6 Rxf4 59. Rxe6 Rxh4 60. Nf5 Rh3+ 61. Kd2 Rh2+ 62. Kc3 Rxf5 63. exf5 Ba4 64. Re7+ Kh8 65. f6 d2 66. Re8+ 1-0

[Event "Tambov Korensky Memorial 21st"]
[Site "Tambov"]
[Date "2012.08.22"]
[Round "5"]
[White "Vyaznikov, Sergey O"]
[Black "Schirov, Sergey"]
[Result "1-0"]
[WhiteElo "2280"]
[BlackElo "2029"]
[PlyCount "93"]
[EventDate "2012.08.18"]
[EventType "swiss"]
[EventRounds "9"]
[EventCountry "RUS"]
[SourceTitle "CBM 150 Extra"]
[Source "ChessBase"]
[SourceDate "2012.10.19"]
[SourceVersion "1"]
[SourceVersionDate "2012.10.19"]
[SourceQuality "1"]

1. d4 Nf6 2. Nf3 c5 3. e3 g6 4. c4 Bg7 5. Nc3 0-0 6. Be2 d6 7. b3 Qa5 8. Qd2 Bg4 9. Bb2 cxd4 10. exd4 Qh5 11. h3 Nc6 12. d5 Ne5 13. Nxe5 dxe5 14. Bxg4 Nxg4 15. 0-0 Nh6 16. Ne4 Rac8 17. Rfe1 Qh4 18. Ng3 Qf4 19. Qb4 Rc7 20. Re4 Qg5 21. h4 Qf6 22. Bxe5 Qxe5 23. Rxe5 Bxe5 24. Re1 Bd6 25. Qd2 Kg7 26. Qg5 Ng8 27. Nf5+ Kh8 28. Nxd6 exd6 29. Qf4 Rd7 30. Qd4+ f6 31. Qxa7 Kg7 32. Qd4 Nh6 33. g4 Nf7 34. f4 h6 35. Re6 Nd8 36. Rxf6 Rxf6 37. g5 Rdf7 38. a4 b6 39. gxf6+ Rxf6 40. Qxb6 Nf7 41. Qd4 g5 42. hxg5 hxg5 43. a5 gxf4 44. a6 Ne5 45. Kf1 Kg6 46. a7 Rf8 47. Qa1 1-0